[Event "Berlin op"]
[Site "Berlin-West"]
[Date "1984.??.??"]
[Round "6"]
[White "Marschner, Juergen"]
[Black "Lein, Anatoly"]
[Result "0-1"]
[WhiteElo "2200"]
[BlackElo "2460"]

1.c4 c6 2.Nf3 d5 3.cxd5 cxd5 4.d4 Nc6 5.Nc3 Nf6 6.Bf4 Bf5 7.e3 e6 8.Bb5 Bd6
9.Qa4 O-O 10.Bxd6 Qxd6 11.O-O Ne7 12.Ne5 Ng4 13.Nxg4 Bxg4 14.Rfc1 Bf5 15.a3 Rfc8
16.Na2 Qb6 17.b4 Bc2 18.Rxc2 Rxc2 19.Qxc2 Qxb5 20.Rc1 Qd7 21.Qc7 Rd8 22.h3 f6
23.Rc3 Kf7 24.Qxd7 Rxd7 25.Nc1 Nf5 26.Rc8 Nd6 27.Ra8 b6 28.Nd3 Nc4 29.a4 e5
30.b5 Ke6 31.dxe5 fxe5 32.a5 Kd6 33.axb6 Nxb6 34.Re8 e4 35.Ne5 Rc7 36.Nc6 Kc5
37.Nd4 Kb4 38.Kh2 Na4 39.Ra8 Nc3 40.Rxa7 Rxa7 41.Nc6+ Kxb5 42.Nxa7+ Kc5 43.Nc8 Ne2
44.g3 d4 45.exd4+ Nxd4 46.g4 Kc6 47.h4 Kc7 48.Ne7 Kd6 49.Nc8+ Ke5 50.Kg3 Ne2+
51.Kg2 Kf4 52.Nd6 Nd4 53.Ne8 Ne6 54.Nd6 h6 55.h5 e3 56.fxe3+ Kxg4 57.Ne8 Kxh5
58.Kf3 g5 59.Ke4 Kg6 60.Ke5 Ng7 61.Nd6 h5 62.Ne4 Nf5  0-1

[Event "Casilda"]
[Site "Casilda"]
[Date "1984.??.??"]
[Round "6"]
[White "Rossetto, Hector"]
[Black "Letelier, Rene"]
[Result "1/2-1/2"]
[WhiteElo "2360"]
[BlackElo "2290"]

1.c4 c6 2.Nf3 d5 3.b3 Nf6 4.g3 Bg4 5.Bg2 Nbd7 6.Bb2 e6 7.O-O Be7 8.d3 a5
9.a3 O-O 10.Nbd2 Qc7 11.h3 Bxf3 12.Nxf3 Rfd8 13.Qc2 Nc5 14.Bc3 Nfd7 15.b4 axb4
16.axb4 Rxa1 17.Rxa1 Na6 18.c5 Qb8 19.e3 Nc7 20.Bf1 b6 21.d4 Qb7  1/2-1/2

[Event "Midwest Masters-B"]
[Site "Chicago"]
[Date "1984.??.??"]
[Round "1"]
[White "Unger, Thomas"]
[Black "Karklins, Eric"]
[Result "1-0"]
[WhiteElo "2330"]
[BlackElo "2205"]

1.c4 c6 2.d4 d5 3.cxd5 cxd5 4.Nc3 Nf6 5.Nf3 Nc6 6.Bf4 e6 7.e3 Be7 8.Bd3 O-O
9.O-O Nh5 10.Bg3 Nxg3 11.hxg3 Bd7 12.Rc1 Rc8 13.g4 Na5 14.g3 g6 15.Kg2 Nc4
16.Qe2 Qa5 17.b3 Nxe3+ 18.Qxe3 Rxc3 19.Rxc3 Qxc3 20.Rc1 Qa5 21.Qh6 Bf6 22.Rh1 Rd8
23.Qxh7+ Kf8 24.Bxg6 Be8 25.Bb1 Qc3 26.Qh6+ Bg7 27.Qf4 Rc8 28.Qd6+ Kg8 29.Bh7+ Kh8
30.Qf4 Qc7 31.Ne5 Qe7 32.g5 Rd8 33.Ng4 e5 34.dxe5 Bc6 35.Nf6  1-0

[Event "Midwest Masters-B"]
[Site "Chicago"]
[Date "1984.??.??"]
[Round "3"]
[White "Sage, T."]
[Black "Karklins, Eric"]
[Result "0-1"]
[WhiteElo "2195"]
[BlackElo "2205"]

1.c4 c6 2.b4 d5 3.e3 Bf5 4.Bb2 e6 5.Nf3 Nf6 6.b5 Bb4 7.Be2 O-O 8.a4 a6 9.Qb3 Qe7
10.O-O dxc4 11.Bxc4 axb5 12.axb5 Rxa1 13.Bxa1 cxb5 14.Bxb5 Rc8 15.Nc3 Nc6
16.h3 h6 17.Rc1 Ba3 18.Bb2 Bxb2 19.Qxb2 Qb4 20.Na4 Qxb2 21.Nxb2 Na7 22.Rxc8+ Nxc8
23.Nd4 Nd6 24.Be2 Bg6 25.f3 e5 26.Nb5 Nfe8 27.Nc3 f6 28.Nd3 Bf7 29.f4 exf4
30.Nxf4 Nc4 31.Bxc4 Bxc4 32.d3 Bf7 33.Kf2 Nc7 34.Ke2 g5 35.Kd2 gxf4 36.exf4 Nd5
37.Ne4 Nxf4 38.Nxf6+ Kg7 39.Nd7 Nxg2 40.Nc5 Bd5 41.Kc3  0-1

[Event "Midwest Masters-B"]
[Site "Chicago"]
[Date "1984.??.??"]
[Round "3"]
[White "Tomas Batet, Joan"]
[Black "Dubin, A."]
[Result "1-0"]
[WhiteElo "2265"]
[BlackElo "2240"]

1.c4 c6 2.e4 d5 3.exd5 cxd5 4.cxd5 Nf6 5.Nc3 Nxd5 6.d4 Nc6 7.Nf3 e6 8.Bd3 Be7
9.O-O O-O 10.Re1 Nxc3 11.bxc3 Bf6 12.Bf4 b6 13.Qe2 Bb7 14.Rad1 Rc8 15.Ne5 Ne7
16.c4 Ng6 17.Bg3 Re8 18.Qg4 Ba6 19.h4 Bxe5 20.dxe5 Qc7 21.h5 Nf8 22.Bh4 Kh8
23.Re3 Qc5 24.Rde1 Rc7 25.Rg3 g6 26.Bf6+ Kg8 27.Qg5  1-0

[Event "Bundesliga 8384"]
[Site "Germany"]
[Date "1984.??.??"]
[Round "?"]
[White "Fahnenschmidt, Gerhard"]
[Black "Reefschlaeger, Helmut"]
[Result "1/2-1/2"]
[WhiteElo "2325"]
[BlackElo "2405"]

1.c4 c6 2.d4 d5 3.Nf3 Nf6 4.Nc3 dxc4 5.a4 Na6 6.e4 Bg4 7.Bxc4 e6 8.Be3 Nb4
9.Be2 Be7 10.O-O O-O 11.Ne5 Bxe2 12.Qxe2 Rc8 13.Rfd1 Nd7 14.Nd3 Qa5 15.Nxb4 Bxb4
16.Na2 Be7 17.Qc2 Nb6 18.b3 Rfd8 19.Qe2 Na8 20.Rac1 Rd7 21.Rd3 Qd8 22.Rcd1 Qf8
23.Nc3 Rcd8 24.d5 exd5 25.exd5 Nb6 26.dxc6 Rxd3 27.Rxd3 bxc6 28.a5 Nc8 29.Na4 Bb4
30.a6 Rxd3 31.Qxd3 Qd6 32.Qc2  1/2-1/2

[Event "Bundesliga 8384"]
[Site "Germany"]
[Date "1984.??.??"]
[Round "?"]
[White "Steinbacher, Matthias"]
[Black "Wiemer, Ralf"]
[Result "1-0"]
[WhiteElo "2305"]
[BlackElo "2285"]

1.c4 c6 2.Nf3 d5 3.b3 Nf6 4.Bb2 e6 5.g3 Nbd7 6.Bg2 Bd6 7.O-O O-O 8.Qc2 Qe7
9.Nd4 a6 10.e3 c5 11.Ne2 b6 12.Nbc3 Bb7 13.Nf4 Bxf4 14.exf4 Rab8 15.cxd5 exd5
16.Rfe1 Qd6 17.d4 Rfe8 18.Na4 c4 19.bxc4 dxc4 20.Rxe8+ Nxe8 21.Bxb7 Rxb7
22.Qxc4 b5 23.Qb3 Rb8 24.Nc3 Qxd4 25.Rd1 Qa7 26.Ne4 Ndf6 27.Nxf6+ gxf6 28.Qf3 Qe7
29.Rd5 Ng7 30.Qd3 Re8 31.f5 Qe1+ 32.Kg2 Re2 33.Rd8+ Ne8 34.Bd4 Kg7 35.Be3 Rxa2
36.Rxe8 Rxf2+ 37.Bxf2 Qxe8 38.Bd4 Qc6+ 39.Qf3 Qxf3+ 40.Kxf3 a5 41.Bb6 a4
42.Bc5 h5 43.h4 Kh6 44.Ke3  1-0

[Event "Bundesliga 8384"]
[Site "Germany"]
[Date "1984.??.??"]
[Round "?"]
[White "Schussler, Harry"]
[Black "Reefschlaeger, Helmut"]
[Result "1-0"]
[WhiteElo "2445"]
[BlackElo "2405"]

1.c4 c6 2.Nc3 d5 3.cxd5 cxd5 4.d4 Nf6 5.Nf3 Nc6 6.Bf4 Bf5 7.e3 e6 8.Ne5 Nd7
9.Nxc6 bxc6 10.Be2 Be7 11.O-O O-O 12.Rc1 c5 13.Nb5 a6 14.Nd6 Bg6 15.dxc5 Nxc5
16.Rxc5 Bxd6 17.Bxd6 Qxd6 18.Qd4 Rfd8 19.Bf3 Be4 20.Bxe4 dxe4 21.Qxd6 Rxd6
22.Rfc1 f6 23.Kf1 Rad8 24.Ke1 Kf7 25.Rc8 R8d7 26.R8c7 Rd1+ 27.Rxd1 Rxc7 28.Kd2 Rc5
29.b4 Rf5 30.Ke2 Rb5 31.Rd4 f5 32.Kd2 Ke7 33.a4 Rb7 34.Kc3 Rc7+ 35.Rc4 Ra7
36.Rc6 Kd7 37.Rb6 Rc7+ 38.Kb3 Ra7 39.h4 g6 40.a5 Ke7 41.g3 h6 42.Kc4 Rc7+
43.Kd4 Rd7+ 44.Kc5 Rd2 45.Rxa6 Rxf2 46.Ra7+ Kf6 47.a6 Re2 48.Ra8  1-0

[Event "Bundesliga 8384"]
[Site "Germany"]
[Date "1984.??.??"]
[Round "?"]
[White "Pfleger, Helmut"]
[Black "Wiemer, Ralf"]
[Result "1/2-1/2"]
[WhiteElo "2505"]
[BlackElo "2290"]

1.c4 c6 2.e4 e6 3.Nc3 d5 4.d4 dxe4 5.Nxe4 Bb4+ 6.Bd2 Bxd2+ 7.Qxd2 Nf6 8.Nc3 O-O
9.Nf3 Nbd7 10.Be2 b6 11.O-O Qc7 12.Rfe1 Bb7 13.Rad1 Rad8 14.b4 Rfe8 15.Qg5 h6
16.Qg3 Qxg3 17.hxg3 Rc8 18.c5 e5 19.dxe5 Nxe5 20.Nxe5 Rxe5 21.Bf3 Rxe1+ 22.Rxe1 bxc5
23.bxc5 Kf8 24.Ne4 Nxe4 25.Rxe4 Rc7 26.Kf1 Bc8 27.Ke2 Be6 28.Ra4 Ke7 29.Ke3 Kd7
30.Kd4 Kc8 31.Ke5 Kd7 32.a3 Ke7 33.Rb4 f6+ 34.Kd4 Rd7+ 35.Ke3 Bd5 36.Bxd5 Rxd5
37.Ra4 Rd7 38.Ra6 Rc7 39.g4 Ke6 40.Ke4 g6 41.g3 f5+ 42.gxf5+ gxf5+ 43.Kf4 Kf6
44.Ra4 Rd7 45.f3 Ke6 46.Rc4 Kf6 47.a4 a5 48.Ke3 Rg7 49.Rd4 Rxg3 50.Rd6+ Ke5
51.Rxc6 f4+ 52.Ke2 Kd4 53.Rd6+  1/2-1/2

[Event "Bundesliga 8384"]
[Site "Germany"]
[Date "1984.??.??"]
[Round "?"]
[White "Krause, Christian"]
[Black "Schmidt, Bodo"]
[Result "1/2-1/2"]
[WhiteElo "2260"]
[BlackElo "2340"]

1.c4 c6 2.Nc3 d5 3.e3 Nf6 4.Nf3 e6 5.b3 Nbd7 6.Bb2 Bd6 7.Be2 O-O 8.d4 Qe7
9.O-O Ne4 10.Nxe4 dxe4 11.Ne5 f6 12.Nxd7 Bxd7 13.f4 Be8 14.c5 Bc7 15.b4 Rd8
16.Qb3 Bf7 17.Bc4 b5 18.cxb6  1/2-1/2

[Event "Bundesliga 8384"]
[Site "Germany"]
[Date "1984.??.??"]
[Round "?"]
[White "Kestler, Hans Guenther"]
[Black "Schmidt, Bodo"]
[Result "1-0"]
[WhiteElo "2410"]
[BlackElo "2340"]

1.c4 c6 2.e4 d5 3.exd5 cxd5 4.d4 Nf6 5.Nc3 e6 6.Nf3 Be7 7.cxd5 Nxd5 8.Bb5+ Nc6
9.Ne5 Bd7 10.Bxc6 Bxc6 11.Nxc6 bxc6 12.Qa4 O-O 13.O-O Qb6 14.Nxd5 cxd5 15.b3 Rfc8
16.Be3 Qb4 17.Qa6 Qa3 18.Qe2 Rc6 19.Rfc1 Rac8 20.Rxc6 Rxc6 21.g3 Bf8 22.Kg2 g6
23.Rd1 Qa6 24.Qxa6 Rxa6 25.Ra1 Ba3 26.Kf3 f6 27.Rb1 Rc6 28.b4 Rc4 29.b5 Bb4
30.Rc1 Rxc1 31.Bxc1 Bd6 32.a4 Kf7 33.a5 Bc7 34.Bd2 Ke8 35.Bb4 Kd7 36.Ke3 Kc8
37.a6 Bb6 38.Be7 e5 39.Bxf6 Bxd4+ 40.Ke2 Kc7 41.f4 Kb6 42.Bxe5 Bxe5 43.fxe5 Kxb5
44.Kd3 Kc5 45.g4 g5 46.Ke3 Kb5 47.Kd4 Kc6 48.e6 Kd6 49.e7 Kxe7 50.Kxd5 Kf7
51.Kd6 Kf6 52.Kd5 Kf7  1-0

[Event "Bundesliga 8384"]
[Site "Germany"]
[Date "1984.??.??"]
[Round "?"]
[White "Kavalek, Lubomir"]
[Black "Schmidt, Bodo"]
[Result "1-0"]
[WhiteElo "2545"]
[BlackElo "2340"]

1.c4 c6 2.e4 e6 3.d4 d5 4.e5 c5 5.cxd5 Qxd5 6.Nc3 Qxd4 7.Qxd4 cxd4 8.Nb5 Na6
9.Nf3 Bd7 10.Nfxd4 Bb4+ 11.Bd2 Bxd2+ 12.Kxd2 Ke7 13.Nd6 Nc7 14.Rc1 Nd5 15.Bc4 f6
16.Bxd5 fxe5 17.Bxb7 Rd8 18.Nf3 Kxd6 19.Rhd1 Nf6 20.Ke1+ Nd5 21.Ng5 Ke7 22.Bxd5 exd5
23.Rxd5 Rhe8 24.Rc7 a6 25.Ne4 Ke6 26.Rd6+ Ke7 27.Rd2  1-0

[Event "Bundesliga 8384"]
[Site "Germany"]
[Date "1984.??.??"]
[Round "?"]
[White "Darga, Klaus"]
[Black "Hermann, Manfred"]
[Result "1/2-1/2"]
[WhiteElo "2470"]
[BlackElo "2355"]

1.c4 c6 2.d4 d5 3.Nf3 Nf6 4.Nc3 dxc4 5.a4 Bf5 6.e3 e6 7.Bxc4 Bb4 8.O-O O-O
9.Qe2 Nbd7 10.e4 Bg6 11.Bd3 Bh5 12.Rd1 e5 13.h3 exd4 14.g4 Nxg4 15.hxg4 Bxg4
16.e5 dxc3 17.Bxh7+ Kh8 18.Bc2 Qe7 19.Kg2 g6 20.Qe3 Kg8 21.Rh1 Bxf3+ 22.Qxf3 Qe6
23.Qf4 Qd5+ 24.Kg1 Nxe5 25.Qh6 Nf3+ 26.Kf1 Qc4+ 27.Kg2 Qg4+ 28.Kf1 Qc4+  1/2-1/2

[Event "NLD-ch"]
[Site "Hilversum"]
[Date "1984.??.??"]
[Round "1"]
[White "Ree, Hans"]
[Black "Kuijf, Marinus"]
[Result "1-0"]
[WhiteElo "2465"]
[BlackElo "2405"]

1.c4 c6 2.Nf3 d5 3.b3 Nf6 4.Bb2 Bg4 5.d3 e6 6.Nbd2 Nbd7 7.h3 Bxf3 8.Nxf3 e5
9.e3 Qa5+ 10.Nd2 dxc4 11.bxc4 Rd8 12.Qc2 e4 13.Bc3 Bb4 14.Bxb4 Qxb4 15.d4 Qa5
16.g3 c5 17.d5 b5 18.Bg2 bxc4 19.O-O Nb6 20.Nxc4 Nxc4 21.Qxc4 O-O 22.Rfd1 Rfe8
23.Rac1 h6 24.Qxc5 Qxa2 25.d6 Qe6 26.Bf1 Nd7 27.Qxa7 Ne5 28.Qc5 Rc8 29.Qa3 Rxc1
30.Qxc1 Rc8 31.Qb1 Nf3+ 32.Kh1 Rd8 33.Qb6 Rd7 34.Qc6 g6 35.Qd5 Ng5 36.h4 Qxd5
37.Rxd5 Ne6 38.Bb5 Rd8 39.d7 f5 40.Re5  1-0

[Event "Leningrad"]
[Site "Leningrad"]
[Date "1984.??.??"]
[Round "?"]
[White "Cebalo, Miso"]
[Black "Sveshnikov, Evgeny"]
[Result "1/2-1/2"]
[WhiteElo "2485"]
[BlackElo "2515"]

1.c4 c6 2.d4 d5 3.Nc3 Nf6 4.Nf3 e6 5.Bg5 h6 6.Bxf6 Qxf6 7.e4 dxe4 8.Nxe4 Bb4+
9.Ke2 Qd8 10.g3 O-O 11.Qb3 Be7 12.Bg2 Nd7 13.Rhd1 Qa5 14.Qc3 Bb4 15.Qc2 f5
16.Ned2 Be7 17.Kf1 e5 18.Nb3 Qc7 19.dxe5 Nxe5 20.Nxe5 Qxe5 21.Re1 Qc7 22.f4 g5
23.c5 Bf6 24.Rad1 gxf4 25.Qc4+ Qf7 26.Qxf4 Bg5 27.Qf3 f4 28.Kg1 Qg7 29.Kh1 fxg3
30.Qxg3 Bf6 31.Rd6 Qxg3 32.hxg3 Bg4 33.Na5 Rab8 34.b4 Kg7 35.a3 Rf7 36.Kh2 h5
37.Bh3 Bc3 38.Re3 Rbf8 39.Rxc3 Rf2+ 40.Bg2 Ra2 41.Nc4 Rff2 42.Ne3 Bf3 43.Nf5+ Kf7
44.Rxf3 Rxf3 45.Nh4 Re3 46.Rd7+ Re7 47.Rd3 Ree2 48.Kh3 Ke8 49.Rd6 Reb2 50.Rh6 Rxa3
51.Bf3 Rxb4 52.Bxh5+ Kd8 53.Nf5 Rc3 54.Ng7 a5 55.Ne6+ Ke7 56.Bg4 a4 57.Rh7+ Kf6
58.Nf8 a3 59.Nd7+ Kg6 60.Nf8+ Kg5 61.Be6 Rf3 62.Rh8 Re4 63.Rg8+ Kh6 64.Kg2 Ree3
65.Bc4 Rf5 66.g4 Rg5 67.Rh8+ Kg7  1/2-1/2

[Event "Moscow-ch"]
[Site "Moscow"]
[Date "1984.??.??"]
[Round "?"]
[White "Vyzmanavin, Alexey"]
[Black "Smagin, Sergey"]
[Result "1/2-1/2"]
[WhiteElo "2470"]
[BlackElo "2355"]

1.c4 c6 2.e4 d5 3.cxd5 cxd5 4.exd5 Nf6 5.Qa4+ Bd7 6.Qb3 Na6 7.Nc3 Nc5 8.Qd1 g6
9.Nf3 Bg7 10.Bc4 O-O 11.O-O Rc8 12.Re1 a6 13.d4 Na4 14.Nxa4 Rxc4 15.Nc5 Rb4
16.Bd2 Rxb2 17.Qc1 Rxd2 18.Qxd2 Bc8 19.Ne5 Nxd5 20.Rac1 b6 21.Nc6 Qe8 22.Nd3 Bd7
23.Ndb4 Bxc6 24.Nxc6 e6 25.Rc4 Qd7 26.Ne5 Qb7 27.Rec1 b5 28.R4c2 b4 29.Nc6 Ra8
30.Na5 Qd7 31.Rc4 Bf8 32.Rc6 Qd8 33.Nb7 Qd7 34.Na5 Qd8 35.Nb7 Qb8 36.Na5 Nc3
37.g3 Qb5 38.R6xc3 bxc3 39.Qxc3 Qd5 40.Qc6 Rd8 41.Qxd5 Rxd5 42.Nc6 Rd7  1/2-1/2

[Event "New York op"]
[Site "New York"]
[Date "1984.??.??"]
[Round "9"]
[White "Spraggett, Kevin"]
[Black "Bellon Lopez, Juan Manuel"]
[Result "1-0"]
[WhiteElo "2540"]
[BlackElo "2425"]

1.c4 c6 2.d4 d5 3.Nf3 Nf6 4.Nc3 dxc4 5.a4 a5 6.e4 Bg4 7.Bxc4 e6 8.Be3 Bb4
9.Qc2 Nbd7 10.O-O O-O 11.Be2 Bh5 12.Rad1 Qc7 13.h3 h6 14.e5 Bg6 15.Bd3 Bxd3
16.Rxd3 Nh7 17.Ne2 Nb6 18.Nf4 Rac8 19.Rc1 Qd7 20.Nh5 Nd5 21.Qe2 Kh8 22.Nh2 Rg8
23.Ng4 b5 24.b3 Qe8 25.Ng3 Be7 26.Ne4 f5 27.exf6 gxf6 28.Nxh6 Rg6 29.Bd2 f5
30.Nc5 Bf8 31.Ng4 fxg4 32.hxg4 Bg7 33.Re1 Rc7 34.g3 b4 35.f4 Re7 36.g5 Qf7
37.Qh5 Kg8 38.Re4 Re8 39.Qe2 Nf8 40.f5 Qxf5 41.Rf3 Qh3 42.Rh4 Bxd4+ 43.Rxd4 Qh8
44.Rh4 Qg7 45.Qd3 e5 46.Ne4 Re7 47.Qf1 Nd7 48.Qh3 Re8 49.Rf2 Nf8 50.Rh2 Kf7
51.Rh8 Ke7 52.Rf2 Kd8 53.Rfxf8 Rxf8 54.Rh7 Qxh7 55.Qxh7  1-0

[Event "Novi Sad"]
[Site "Novi Sad"]
[Date "1984.??.??"]
[Round "?"]
[White "Smejkal, Jan"]
[Black "Torre, Eugenio"]
[Result "1/2-1/2"]
[WhiteElo "2540"]
[BlackElo "2530"]

1.c4 c6 2.Nf3 d5 3.d4 Nf6 4.Nc3 dxc4 5.a4 Bf5 6.Ne5 e6 7.f3 Bb4 8.Nxc4 O-O
9.Bg5 h6 10.Bh4 c5 11.dxc5 Qxd1+ 12.Rxd1 Bc2 13.Rc1 Bh7 14.e4 Nc6 15.Be2 Bxc5
16.Bf2 Nd7 17.O-O f5 18.Rcd1 Rfd8 19.Nd6 Bxf2+ 20.Rxf2 Nc5 21.Bb5 Nb4 22.Rfd2 fxe4
23.fxe4 Bg6 24.h3 Kh7 25.Bc4 Nc6 26.Ba2 Rd7 27.Kf2 Rad8 28.Ke3  1/2-1/2

[Event "NZD-ch"]
[Site "?"]
[Date "1984.??.??"]
[Round "?"]
[White "Stuart, Peter"]
[Black "Sarfati, Jonathan D"]
[Result "1/2-1/2"]
[WhiteElo "2250"]
[BlackElo "2250"]

1.c4 c6 2.Nf3 d5 3.b3 Nf6 4.g3 Bf5 5.Bg2 e6 6.O-O Nbd7 7.Bb2 Be7 8.d3 O-O
9.Nbd2 h6 10.Re1 Bh7 11.Qc2 Rc8 12.Rac1 Qb6 13.h3  1/2-1/2

[Event "CAN-ch+"]
[Site "Ottawa"]
[Date "1984.??.??"]
[Round "4"]
[White "Spraggett, Kevin"]
[Black "Zuk, Robert D"]
[Result "1-0"]
[WhiteElo "2540"]
[BlackElo "2200"]

1.c4 c6 2.Nf3 d5 3.d4 Nf6 4.Nc3 dxc4 5.a4 Bf5 6.Ne5 Nbd7 7.Nxc4 Qc7 8.g3 e5
9.dxe5 Nxe5 10.Bf4 Nfd7 11.Bg2 Be6 12.Nxe5 Nxe5 13.O-O Rd8 14.Qc2 Be7 15.a5 a6
16.Ne4 O-O 17.Nc5 Bxc5 18.Qxc5 f6 19.Rfd1 Kf7 20.Be4 h6 21.Qc3 Rxd1+ 22.Rxd1 Rd8
23.Rxd8 Qxd8 24.Bxe5 Qd1+ 25.Kg2 Bd5 26.Bf3 fxe5 27.e4  1-0

[Event "Tatran Cup"]
[Site "Stary Smokovec"]
[Date "1984.??.??"]
[Round "6"]
[White "Chernin, Alexander"]
[Black "Utasi, Tamas"]
[Result "1-0"]
[WhiteElo "2475"]
[BlackElo "2505"]

1.c4 c6 2.d4 d5 3.e3 Nf6 4.Bd3 e6 5.Nf3 Nbd7 6.O-O Be7 7.b3 O-O 8.Bb2 b6
9.Nc3 Bb7 10.Qe2 Rc8 11.e4 dxe4 12.Nxe4 c5 13.Rad1 Qc7 14.dxc5 bxc5 15.Rfe1 Rfd8
16.Neg5 Qb6 17.Bc3 h6 18.Nh3 Qc7 19.Ne5 Nxe5 20.Bxe5 Qc6 21.f3 Nd7 22.Bb2 Bf6
23.Nf2 Qc7 24.Bb1 Bxb2 25.Qxb2 Nf6 26.Qc3 Rxd1 27.Rxd1 Rd8 28.Rxd8+ Qxd8
29.Nd3 Nd7 30.Bc2 Qg5 31.Kf1 Qd8 32.h3 Qc7 33.Qd2 Qd6 34.Qa5 Qb6 35.Qd2 Qd6
36.Qa5 Qb6 37.Qc3 Qd6 38.a3 e5 39.Nf2 g6 40.Qd3 Qc7 41.Qd2 h5 42.Be4 Nf6
43.Bxb7 Qxb7 44.Qe3 Qb8 45.Kg1 Qd6 46.Nd3 Nd7 47.b4 Qa6 48.Nxc5 Nxc5 49.bxc5 Qxc4
50.Qxe5 h4 51.Kh2 a5 52.Qd6 a4 53.c6 Qc3 54.c7 Kh7 55.Qe7 Kg7 56.f4 Qc4 57.Qd6 Kh7
58.Qe5 Qc1 59.f5 g5 60.Qd6 Kg7 61.Qd4+ Kh7 62.Qd7 Qf4+ 63.Kg1 Qe3+ 64.Kf1 Qf4+
65.Ke2 Qe4+ 66.Kd1 Qb1+ 67.Kd2 Qb2+ 68.Kd3 Qb1+ 69.Kc4 Qb3+ 70.Kc5 Qxa3+
71.Kb5 Qb3+ 72.Ka5 Qc3+ 73.Kxa4 Qc4+ 74.Ka5 Qc3+ 75.Kb6 Qb3+ 76.Qb5 Qe3+
77.Qc5 Qb3+ 78.Kc6 Qa4+ 79.Kd6 Qa6+ 80.Kd7 Qd3+ 81.Ke7 Qe2+ 82.Kf8  1-0

[Event "Tatran Cup"]
[Site "Stary Smokovec"]
[Date "1984.??.??"]
[Round "8"]
[White "Chernin, Alexander"]
[Black "Drasko, Milan"]
[Result "1/2-1/2"]
[WhiteElo "2475"]
[BlackElo "2480"]

1.c4 c6 2.d4 d5 3.e3 Nf6 4.Bd3 g6 5.Nf3 Bg7 6.Nc3 O-O 7.O-O Bg4 8.h3 Bxf3
9.Qxf3 Qd6 10.Rd1 Rd8 11.Bd2 Nbd7 12.cxd5 cxd5 13.Nb5 Qb6 14.a4 Rdc8 15.a5 Qd8
16.a6 b6 17.Rdc1 e5 18.Qd1 Rxc1 19.Rxc1 Ne8 20.Qb3 Nf8 21.dxe5 Bxe5 22.Nd4 Bxd4
23.exd4 Ne6 24.Be3 Qd6 25.Qb5 N8c7 26.Qc6 Qxc6 27.Rxc6 Kf8 28.g4 Ke7 29.f4 Kd7
30.Rc2 Ng7 31.f5 Nge8 32.Bf4 Nd6 33.Be5 b5 34.Rf2 g5 35.h4 gxh4 36.Rh2 Rg8
37.Rxh4 h5 38.Rxh5 Rxg4+ 39.Kf2 Nce8 40.Be2 Rg8 41.Bf3 Kc6 42.Rh1 Rg5 43.Rc1+ Kb6
44.Bxd5 Rxf5+ 45.Ke3 Nc4+ 46.Bxc4 bxc4 47.Ke4 Rf2 48.Rxc4 f6 49.Bf4 Rxb2
50.Rc8 Re2+ 51.Kf3 Re7 52.d5 Kxa6 53.d6 Nxd6 54.Bxd6 Re6 55.Bc5 Kb7 56.Rf8 a5
57.Bd4 a4 58.Bxf6 a3 59.Bd4 Ra6 60.Ke4 a2 61.Rf1 Kc6 62.Kd3 Kb5 63.Kc2 Kc4
64.Ba1 Rb6 65.Rf4+ Kc5 66.Ra4 Kb5 67.Rxa2 Ra6 68.Rb2+ Kc5 69.Rb1 Rh6 70.Bc3 Rh2+
71.Kb3 Rh3 72.Ra1 Rh2 73.Ra5+ Kb6 74.Rd5 Re2 75.Kc4 Kc6 76.Ra5 Re4+ 77.Bd4 Re6
78.Be5 Kb6 79.Rb5+ Kc6 80.Rc5+ Kb6 81.Bc7+ Kb7 82.Kd5 Rh6 83.Be5 Kb6 84.Rc8 Rh5
85.Rb8+ Ka5 86.Rb1 Rg5 87.Kd4 Ka6 88.Kd5 Ka5 89.Kd6 Ka4 90.Bd4 Rb5 91.Ra1+ Kb4
92.Rc1 Rh5 93.Be5 Rh6+ 94.Kd5 Rh5 95.Rc8 Kb5 96.Rb8+ Ka5 97.Kd4 Ka6 98.Bd6 Rb5
99.Rg8 Rh5 100.Kc4 Kb6 101.Rg6 Rh4+ 102.Bf4+ Kb7 103.Rf6 Rh5 104.Be3  1/2-1/2

[Event "Tatran Cup"]
[Site "Stary Smokovec"]
[Date "1984.??.??"]
[Round "12"]
[White "Chernin, Alexander"]
[Black "Knezevic, Milorad"]
[Result "1-0"]
[WhiteElo "2475"]
[BlackElo "2415"]

1.c4 c6 2.d4 d5 3.Nf3 Nf6 4.Qc2 g6 5.Bf4 Qa5+ 6.Nbd2 Na6 7.a3 dxc4 8.Qxc4 Be6
9.Qc1 Bg7 10.b4 Qd8 11.e3 Nc7 12.Bc4 Bd5 13.O-O O-O 14.Rb1 Ne6 15.Be5 Ne4
16.Bxg7 Nxg7 17.Nb3 Nf5 18.Bd3 Ned6 19.Nfd2 Bxb3 20.Nxb3 Rc8 21.Rd1 Nb5 22.Qb2 e6
23.e4 Ng7 24.d5 exd5 25.Bxb5 cxb5 26.Rxd5 Qh4 27.Nc5 Rc6 28.g3 Qg4 29.Nd7 Qxe4
30.Rd4 Qe7 31.Nxf8 Qxf8 32.Rbd1 Ne6 33.Rd7  1-0

[Event "CSR-ch"]
[Site "Sumperk"]
[Date "1984.??.??"]
[Round "7"]
[White "Hort, Vlastimil"]
[Black "Pacl, Vaclav"]
[Result "1-0"]
[WhiteElo "2615"]
[BlackElo "2320"]

1.c4 c6 2.d4 d5 3.Nf3 Nf6 4.Nc3 dxc4 5.a4 Bf5 6.Ne5 c5 7.e3 e6 8.Bxc4 cxd4
9.exd4 Nc6 10.Bb5 Qc7 11.Qf3 Rc8 12.g4 Bg6 13.h4 Bb4 14.O-O O-O 15.Bxc6 bxc6
16.Bf4 Bd6 17.Rac1 c5 18.Nxg6  1-0

[Event "Tirnavia"]
[Site "Trnava"]
[Date "1984.??.??"]
[Round "2"]
[White "Plaskett, Jim"]
[Black "Dobrovolsky, Ladislav"]
[Result "1-0"]
[WhiteElo "2475"]
[BlackElo "2425"]

1.c4 c6 2.e4 e5 3.Nf3 d6 4.d4 Nd7 5.Nc3 Ngf6 6.Be2 Be7 7.O-O O-O 8.Re1 Qc7
9.Bf1 Re8 10.Rb1 Nf8 11.d5 cxd5 12.cxd5 a6 13.Be3 Ng4 14.Bd2 f5 15.h3 Nf6
16.Rc1 Qd8 17.exf5 Bxf5 18.Qb3 N8d7 19.Nh4 Nc5 20.Qd1 Bd3 21.Be3 Bxf1 22.Kxf1 Qb6
23.Kg1 Rac8 24.Nf5 Qxb2 25.Na4 Qb5 26.Nxc5 dxc5 27.Bg5 Qd7 28.Rxe5 Bf8 29.Bxf6 Rxe5
30.Nh6+ gxh6 31.Bxe5 Qf5 32.Rc3 Be7 33.Rg3+ Bg5 34.f4 Re8 35.d6 Kf7 36.Qd5+ Kg6
37.d7  1-0

[Event "Tirnavia"]
[Site "Trnava"]
[Date "1984.??.??"]
[Round "4"]
[White "Stohl, Igor"]
[Black "Meduna, Eduard"]
[Result "1-0"]
[WhiteElo "2405"]
[BlackElo "2475"]

1.c4 c6 2.Nf3 Nf6 3.d4 d5 4.Nc3 dxc4 5.a4 Bf5 6.Ne5 Nbd7 7.Nxc4 Qc7 8.g3 e5
9.dxe5 Nxe5 10.Bf4 Rd8 11.Qc1 Bd6 12.Nxd6+ Qxd6 13.Bg2 O-O 14.O-O Nfd7 15.Qe3 Rfe8
16.Rad1 Qe6 17.Bxe5 Nxe5 18.Rxd8 Rxd8 19.Qxa7 Qb3 20.Qc5 Re8 21.f4 Ng4 22.Qxf5 Qb6+
23.Kh1 Nf2+ 24.Rxf2 Qxf2 25.Qb1 Qe3 26.Qd1 h6 27.Bf3 Qb6 28.Qd7 Ra8 29.Kg2 Qxb2
30.Ne4 Rf8 31.Nd6 b5 32.axb5 cxb5 33.Qxb5 Qxb5 34.Nxb5 Rb8 35.Nd4 Rb2 36.h4 Rb4
37.Nc6 Rb5 38.h5 Kf8 39.Kh3 Rc5 40.Kg4 Rc1 41.Bd5 Rc3 42.e4 f6 43.Nd4 Ra3
44.Nf5 Rc3 45.Nh4 Ke7 46.Ng6+ Kd6 47.Bf7 Kc5 48.e5 Kd4 49.e6 Ke4 50.e7 f5+
51.Kh3 Kf3 52.e8=Q Kf2 53.Qa8  1-0

[Event "Tirnavia"]
[Site "Trnava"]
[Date "1984.??.??"]
[Round "10"]
[White "Ftacnik, Lubomir"]
[Black "Meduna, Eduard"]
[Result "1/2-1/2"]
[WhiteElo "2570"]
[BlackElo "2475"]

1.c4 c6 2.d4 d5 3.Nf3 Nf6 4.Nc3 dxc4 5.a4 Bf5 6.Ne5 e6 7.f3 Bb4 8.Nxc4 O-O
9.Bg5 h6 10.Bh4 c5 11.dxc5 Qxd1+ 12.Rxd1 Bc2 13.Rc1 Bh7 14.e4 Nc6 15.Be2 Bxc5
16.Bf2 Nd7 17.O-O Bxf2+ 18.Kxf2 Nc5 19.Rfd1 f5 20.exf5 Nb3 21.Rb1 Bxf5 22.Bd3 Bxd3
23.Rxd3 Rfd8 24.Rbd1 Rxd3 25.Rxd3 Nc5 26.Rd2 Rf8  1/2-1/2

[Event "Valjevo"]
[Site "Valjevo"]
[Date "1984.??.??"]
[Round "5"]
[White "Adamski, Jan"]
[Black "Simic, Radoslav"]
[Result "1/2-1/2"]
[WhiteElo "2430"]
[BlackElo "2470"]

1.c4 c6 2.e4 d5 3.exd5 cxd5 4.d4 Nf6 5.Nc3 Nc6 6.Bg5 Qa5 7.Bxf6 exf6 8.cxd5 Bb4
9.dxc6 Bxc3+ 10.bxc3 Qxc3+ 11.Ke2 O-O 12.f3 Re8+ 13.Kf2 Qe3+ 14.Kg3 Qg5+
15.Kf2 Qe3+ 16.Kg3 Qg5+  1/2-1/2

[Event "Aarhus-D"]
[Site "Aarhus"]
[Date "1985.??.??"]
[Round "2"]
[White "Jacobsen, Bo"]
[Black "Knudsen, Per"]
[Result "1/2-1/2"]
[WhiteElo "2280"]
[BlackElo "2345"]

1.c4 c6 2.Nf3 Nf6 3.g3 d5 4.Bg2 Bg4 5.cxd5 cxd5 6.Ne5 Bd7 7.Qb3 Nc6 8.f4 e6
9.O-O Bd6 10.Nxd7 Qxd7 11.Nc3 Rc8 12.d3 O-O 13.Bd2 a6 14.e3 b5 15.Ne2 Rc7
16.h3 Rfc8 17.Rf2 b4 18.Qd1 Nd8 19.Nd4 Nb7 20.Rc1 Bc5 21.Nf3 Qb5 22.Bf1 Qb6
23.Qe1 a5 24.g4 a4 25.Kh1 b3 26.axb3 Qxb3 27.Bc3 Ne8 28.Ra1 a3 29.Be5 Nbd6
30.bxa3 Ra7  1/2-1/2

[Event "Aarhus-D"]
[Site "Aarhus"]
[Date "1985.??.??"]
[Round "5"]
[White "Kroll, Ove"]
[Black "Knudsen, Per"]
[Result "1/2-1/2"]
[WhiteElo "2295"]
[BlackElo "2345"]

1.c4 c6 2.Nc3 Nf6 3.d4 d5 4.Nf3 Bf5 5.cxd5 Nxd5 6.g3 e6 7.Bg2 Nxc3 8.bxc3 Be4
9.O-O Nd7 10.Re1 Be7 11.Bf1 Bxf3 12.exf3 Nf6 13.f4 O-O 14.Bg2 Qc7 15.Qf3 g6
16.c4 Rfd8 17.Bb2 Rd7 18.g4 Rad8 19.f5 exf5 20.gxf5 Nh5 21.fxg6 hxg6 22.Re5 Rxd4
23.Bxd4 Rxd4 24.Rae1 Bb4 25.Re8+ Kg7 26.R1e4 Rxe4 27.Rxe4 Qd6 28.Qe2 Bc3
29.Qc2 Bd4 30.Qd2 c5 31.Qg5 Nf6 32.Re1 b6 33.Bf3 Nh7 34.Qg3 Qf6 35.Kg2 Ng5
36.Bd5 Qf5 37.Re2 b5 38.h4 bxc4 39.Bxc4 Ne4 40.Qf3 Qxf3+ 41.Kxf3 Nd6 42.Bd3 c4
43.Bc2 Kf6 44.Re1 Bc5 45.Kg4 Nb5 46.f4 Nd4 47.Be4 c3 48.Rc1 c2 49.Rxc2  1/2-1/2

[Event "AUT-ch"]
[Site "?"]
[Date "1985.??.??"]
[Round "14"]
[White "Kwatschewsky, Leo"]
[Black "Kargl, Kurt"]
[Result "1/2-1/2"]
[WhiteElo "2325"]
[BlackElo "2305"]

1.c4 c6 2.Nf3 d5 3.e3 Nf6 4.b3 Bg4 5.Bb2 e6 6.Be2 Bd6 7.h3 Bh5 8.d3 Nbd7
9.Nbd2 Qe7 10.e4 dxe4 11.dxe4 e5 12.Nh4 Bxe2 13.Qxe2 g6 14.O-O Bc5 15.g3 O-O-O
16.Ndf3 Nh5 17.Kh2 Rhe8 18.a3 Qe6  1/2-1/2

[Event "ARG-ch"]
[Site "Buenos Aires"]
[Date "1985.??.??"]
[Round "12"]
[White "Schweber, Samuel"]
[Black "Gomez Baillo, Jorge H"]
[Result "1/2-1/2"]
[WhiteElo "2420"]
[BlackElo "2305"]

1.c4 c6 2.d4 d5 3.cxd5 cxd5 4.Nc3 Nf6 5.Nf3 Nc6 6.Bf4 Bf5 7.Qb3 Na5 8.Qa4+ Bd7
9.Qd1 e6 10.Ne5 Rc8 11.Rc1 Be7 12.Nxd7 Qxd7 13.e3 Ne4 14.Bd3 Bb4 15.O-O Nxc3  1/2-1/2